000 00488nam a2200193Ia 4500
005 20250923144827.0
008 008 250917s9999 xx 000 0 eng d
037 _aTextual
040 _aDSWL
_beng
_cDSWL
041 _aeng
_2eng
084 _qDSWL
245 4 _aThe national sample survey general report no.-34 1951
260 _aIndia
_bGovt.of India
_c1960
300 _aiv,207p.
365 _aINR
_b5.10
925 _g5.10
942 _cTEXL
999 _c1443851
_d1443851